00929nam a22002657a 45000010005000000030006000050050017000110080041000280200015000690400029000840500016001130820011001291000019001402450109001592500045002682600037003133000050003504900029004005050008004295200127004375210021005645210020005856500022006057000036006275465FISKH20241209165654.0241209b cb ||||| |||| 00| 0 eng d a0439375347 aFISKHbengcFISKHdFISKH aPS3537.A618 a811.52 aSandburg, Carl aCarl Snadburg /cby Carl Sandburg : Edited by Frances Schoonmaker Bolin : illustrated by Steven Arcella  aFirst Scholastic printing, February 2002 aNew York : bSchoalstic ;c1995. a46 pages : bcolor illustrations ; c26 cm .  aPoetry for young people  aZ  aPresents a collection of poems by the beloved American author who, as a young man, travelled across the Midwest as a hobo.8 a890 bLexile 8 aZ bRaz-Plus  aSandburgvFiction aArcella , Steven eillustrator